| 000 | 00621nam a2200205 a 4500 | ||
|---|---|---|---|
| 001 | 000003336 | ||
| 005 | 20240412074200.0 | ||
| 008 | 090708s2009 dr a r 000 p spa d | ||
| 020 | _a9789945162639 | ||
| 040 |
_aDO-SdBNP _bspa _cBNPHU |
||
| 082 |
_aRD861.44 _bR139c |
||
| 100 | 1 |
_aRaful, Tony, _d1951- _91377 |
|
| 245 | 1 | 3 |
_aLa ciudad y sus cantos : _bpoemario / _cTony Raful. |
| 260 |
_aSanto Domingo, _c2009. _fBúho |
||
| 300 |
_a84 p : _bil. ; _c25 cm. |
||
| 590 | _aInventariado, 2018/BT | ||
| 650 | 0 |
_aPoesía dominicana _966 |
|
| 650 | 0 |
_aLiteratura dominicana. _967 |
|
| 910 | _aValidado. Control de calidad. MMOLINA | ||
| 999 |
_c3167 _d3167 |
||